Neviem, či by bolo odo mňa správne ...

Bibliographic Details
Main Author: Bodnárová, Jana, 1950- (Author)
Format: Article
Language:Slovak
ISSN:1336-2526
Subjects:

MARC

LEADER 00000nab a2200000 a 4500
001 vtls009191118
003 SK-MaSNL
005 20260304224420.0
008 140617c2007 xo |r|p|||||||000 b|slo
015 |a SNBRB2008/03  |2 snkbucl 
038 |a SNKBUCL 
040 |a SNKBUCL  |b slo  |c SNKBUCL  |e AACR2 
041 0 |a slo 
044 |a xo  |c SK 
080 |a 27-565.3  |2 2001 
100 1 |a Bodnárová, Jana,  |d 1950-  |4 aut  |9 85509 
245 1 0 |a Neviem, či by bolo odo mňa správne ...  |c Jana Bodnárová 
500 |a Pod spoločným názvom Vianoce nášho času 
648 7 |a 21. stor.  |2 snkbucl  |9 304714 
650 0 7 |a Vianoce  |2 snkbucl  |9 3412 
655 7 |a úvahy  |2 snkbucl  |9 29403 
773 0 |t Tvorba  |g Roč. XVII. (XXVI.), č. 4 (2007), s. 8-9  |x 1336-2526 
852 |a SNK  |b KIS3GCP 
999 |c 3171925  |d 3173855